000 00363 a2200145 4500
999 _c8316
_d8316
020 _a9781856571098
050 _aPR9387.9 BET1958
100 _aBeti , Mongo
_eauthor
245 _aMission t0 Kala /
_cGreen , Peter
264 _aEngland:
_bMallory publishing,
_c1958
300 _a168p. :
500 _anovel
650 _anovel
942 _2lcc
_cBK
_h9387.9
_iBET
_kPR